Acciones y recursos en materia tributaria (Registro nro. 842)

Detalles MARC
000 -LEADER
fixed length control field 01422 a2200217 4500
001 - CONTROL NUMBER
control field 21675
005 - DATE AND TIME OF LATEST TRANSACTION
control field 20260407155507.0
008 - FIXED-LENGTH DATA ELEMENTS--GENERAL INFORMATION
fixed length control field 260407a2005 arg spa d
003 - CONTROL NUMBER IDENTIFIER
control field AR-UNSa-BCEJYS
040 ## - CATALOGING SOURCE
Original cataloging agency AR-UNSa-BCEJYS
Language of cataloging spa
Transcribing agency AR-UNSa-BCEJYS
080 ## - UNIVERSAL DECIMAL CLASSIFICATION NUMBER
Universal Decimal Classification number 336.225
Common auxiliary subdivision Método de tributación y administración de impuestos
020 ## - INTERNATIONAL STANDARD BOOK NUMBER
International Standard Book Number 987-592-028-2
100 1# - MAIN ENTRY--PERSONAL NAME
Personal name Spisso, Rodolfo Roque
245 10 - TITLE STATEMENT
Title Acciones y recursos en materia tributaria
264 #1 - PRODUCTION, PUBLICATION, DISTRIBUTION, MANUFACTURE, AND COPYRIGHT NOTICE
Place of production, publication, distribution, manufacture Buenos Aires :
Name of producer, publisher, distributor, manufacturer Lexis Nexis
Date of production, publication, distribution, manufacture, or copyright notice 2005
300 ## - PHYSICAL DESCRIPTION
Extent xxi, 505 p.
Dimensions 22 cm.
505 ## - FORMATTED CONTENTS NOTE
Formatted contents note 1. La potestad tributaria y el orden constitucional - 2. El control judicial de constitucionalidad en el proceso tributario - 3.El proceso tributario y el marco constitucional - 4. El tribunal fiscal de la nación - 5. Juicio de educación fiscal - 6. Acción de amparo - 7. La acción declarativa - 8. Acción de repetición - 9. Igualdad de las partes de la relación procesal tributaria y vicisitudes del principio - 10. Procedimiento penal tributario - 11. Jurisdicción y competencia de la corte suprema - 12. Acciones y recursos en jurisdicción provincial - 13. La privatización de la función en el estado desertor - 14. Juicio por jurados en materia tributaria.
590 ## - LOCAL NOTE (RLIN)
Local note niveau_biblio:m niveau_hierar:0
856 41 - ELECTRONIC LOCATION AND ACCESS
Uniform Resource Identifier <a href="https://biblioeco.unsa.edu.ar/pmb/images/libros/Acciones y Recursoso en Marteria Tributaria.jpg">https://biblioeco.unsa.edu.ar/pmb/images/libros/Acciones y Recursoso en Marteria Tributaria.jpg</a>
Link text Imagen de portada
Electronic format type image/jpeg
942 ## - ADDED ENTRY ELEMENTS (KOHA)
Koha item type
Existencias
Withdrawn status Lost status Damaged status Not for loan Home library Current library Shelving location Date acquired Total checkouts Full call number Barcode Date last seen Price effective from Koha item type
        Biblioteca Prof. Eusebio Cleto del Rey Biblioteca Prof. Eusebio Cleto del Rey   07/04/2026   P336.225 S754 L119524 07/04/2026 07/04/2026 Libro